000 00328nam a2200121Ia 4500
008 240731s9999 xx 000 0 und d
022 _a1752-0851
245 0 _aMacroeconomics and Finance in Emerging Market Economies
260 _bRoutledge
856 _uhttps://www.tandfonline.com/loi/reme20
942 _2ddc
942 _cTFEJ
999 _c78468
_d78468
945 _a1
_bMadushi Gamage
_c1
_dMadushi Gamage